000 00303nam a22001337a 4500
008 170713b xxu||||| |||| 00| 0 eng d
020 _a0132901145
041 _aeng
080 _a17
100 _a24
101 _afil
245 _aETHICAL ISSUES IN DEATH AND DYING
_cBEAUCHAMO, T.L
942 _2udc
_cBK
999 _c20567
_d20567